000 00678cam a2200145 4500500
005 20260208010120.0
041 _afre
042 _adc
100 1 0 _aBaron, Anne-Marie
_eauthor
245 0 0 _aSaori Osuga, Séraphîta et la Bible. Sources scripturaires du mysticisme balzacien. Préface de Dominique Millet-Gérard. Paris, Honoré Champion, « Romantisme et modernités », 2012. Un vol. de 444 p.
260 _c2013.
500 _a9
786 0 _nRevue d'histoire littéraire de la France | 113 | 1 | 2013-02-18 | p. 209zd-209zd | 0035-2411
856 4 1 _uhttps://shs.cairn.info/revue-d-histoire-litteraire-de-la-france-2013-1-page-209zd?lang=fr&redirect-ssocas=7080
999 _c1655169
_d1655169